Imperial Federation : the problem of national unity /

Saved in:
Bibliographic Details
Main Author: Parkin, George R. (George Robert), Sir, 1842-1922
Format: Book
Language:English
Published: London : Macmillan, 1892.
Subjects:
LEADER 00864nam a22002171a 4500
001 c000367339
003 CARM
005 00000000000000.0
008 851211s1892 enkbf 00010 eng d
019 1 |a 4171057  |5 LACONCORD2021 
035 |a (OCoLC)1030768  |5 LACONCORD2021 
100 1 |a Parkin, George R.  |q (George Robert),  |c Sir,  |d 1842-1922. 
245 1 0 |a Imperial Federation :  |b the problem of national unity /  |c by George R. Parkin. 
260 |a London :  |b Macmillan,  |c 1892. 
300 |a xii, 314 p., [1] folded leaf of plates :  |b map ;  |c 19 cm. 
510 4 |a Ferguson,  |c 13830. 
650 0 |a Imperial federation. 
852 8 |b CARM  |h A1:AP31A0  |i A04400  |p 0353374  |f BK 
082 0 4 |a 321.021 
999 f f |i 5cc39219-1b9c-5c89-9eb2-99f70d547a0d  |s fa1b2747-bb7f-5f15-b368-761ae75122f5 
952 f f |p Can circulate  |a CAVAL  |b CAVAL  |c CAVAL  |d CARM 1 Store  |e A04400  |f A1:AP31A0  |h Other scheme  |i book  |m 0353374